期刊信息 |
| 索取号 |
D26/Z545
|
| 题名 |
中国党政干部论坛
|
| 作者 |
中共中央党校主办
|
| 分册号 |
|
| 分册名 |
|
| 出版地 |
北京
|
| 出版者 |
《中国党政干部论坛》编辑部
|
| 标准刊号 |
1006-0391
|
| 出版频率 |
月刊
|
| 中图法分类 |
D26
|
| 主题词 |
中国共产党
|
| 电子资源 | |
| |
|
| 000 | 00625nas0 2200205 45 | |
| 001 | 0161331747 | |
| 005 | 2001083017021167 | |
| 011 | @a1006-0391@dRMB 72.00 | |
| 092 | @aCN@b02-009 | |
| 100 | @a20010830d km y0chiy0120 ea | |
| 101 | 0 | @achi |
| 102 | @aCN@b110000 | |
| 200 | 1 | @a中国党政干部论坛@AZhong Guo Dang Zheng Gan Bu Lun Tan@f中共中央党校主办@FZhong Gong Zhong Yang Dang Xiao Zhu Ban |
| 210 | @a北京@c《中国党政干部论坛》编辑部 | |
| 326 | @a月刊 | |
| 606 | 0 | @a中国共产党 |
| 690 | @aD26@v3 | |
| 711 | 0 | @a中共中央党校主办@AZhong Gong Zhong Yang Dang Xiao Zhu Ban |
| 801 | 0 | @aCN@bPFT@c20010830 |
| 905 | @dD26@eZ545 | |
| 中国党政干部论坛/中共中央党校主办.-北京:《中国党政干部论坛》编辑部 |
| ISSN 1006-0391:RMB 72.00 |
| ● |
| 相关链接: |
|
|
|